K novým diagnostickým metódam Prvá celoštátna konferencia sestier neurologických oddelení

Bibliographic Details
Main Author: (hš) (Author)
Format: Article
Language:Slovak
Subjects:

MARC

LEADER 00000nab a2200000 a 4500
001 vtls000295041
003 SK-MaSNL
005 20260304171937.0
008 220422c1987 xo 0 slo
015 |a SNBRB19rr/mm-uuuuu 
035 |a CL0305160 
040 |a SNKBUCL  |b slo  |c SNKBUCL  |e AACR2 
041 0 |a slo 
044 |a xo  |c SK 
080 |a 616.8:061.3  |2 1981 
080 |a 061.3  |2 1981 
100 1 |a (hš)  |4 aut  |9 924691 
245 1 0 |a K novým diagnostickým metódam  |b Prvá celoštátna konferencia sestier neurologických oddelení  |c (hš) 
650 0 7 |a neurológia  |2 snkbucl  |9 908 
651 7 |a 5301  |2 snkbucl  |9 893756 
655 7 |a články z novín a časopisov  |2 snkbucl  |9 267496 
773 0 |t Smer  |g Roč. 39, č. 249 (23. 10. 1987), s. 1 
850 |a Slovenská národná knižnica v Martine  |a MTA001 
852 |a SNK  |b KIS3GCP 
958 |a RK 
958 |a ME 
992 |a RBX 
999 |c 2995644  |d 2997574